000 00900cam a2200253 i 4500
001 19378
005 20180713212816.0
008 140415s1977 mx r 000 0 spa d
040 _aMX-PuUPA
_bspa
_erda
_cMx-PuUPA
_dMx-PuUPA
041 _aspa
082 0 _a158.1
_bSHE
100 1 _aSherman, Harold M.
_d1898-1987,
_q(Harold Morrow),
_eautor
240 1 0 _aKnow your own mind.
_lEspañol
245 1 0 _aConozca su propia mente /
_cHarold Sherman ; traductor Luis Saúl Flores.
250 _a1a. edición
264 1 _aMéxico, D.F. :
_bEditorial Diana,
_c1977
300 _a184 páginas ;
_c23 cm.
336 _atexto
_2rdacontent
337 _asin mediación
_2rdamedia
338 _avolumen
_2rdacarrier
650 4 _aPersonalidad
700 1 _aFlores, Luis Saúl,
_etraductor
700 1 _iTraducción de:
_aSherman, Harold M.,
_q(Harold Morrow),
_d1898-1987.
_tKnow your own mind.
999 _c19378
_d19378